Statistics for European languages

Click here to take the quiz!

General Stats

  • This quiz has been taken 21 times
  • The average score is 55 of 93

Answer Stats

FamilyLanguage% Correct
SlavicCzech
100%
RomanceFrench
100%
GermanicGerman
100%
GaelicIrish
100%
RomanceItalian
100%
RomancePortuguese
100%
SlavicRussian
100%
SlavicSlovak
100%
OtherAlbanian
94%
RomanceCatalan
94%
SlavicCroatian
94%
GermanicDanish
94%
GermanicDutch
94%
UralicEstonian
94%
UralicFinnish
94%
OtherGreek
94%
UralicHungarian
94%
BalticLatvian
94%
BalticLithuanian
94%
GermanicNorwegian
94%
SlavicPolish
94%
RomanceRomanian
94%
SlavicSerbian
94%
SlavicSlovene
94%
SlavicBelarussian
89%
SlavicBosnian
89%
GermanicEnglish
89%
GermanicIcelandic
89%
SlavicMacedonian
89%
SlavicMontenegrin
89%
RomanceSpanish
89%
GermanicSwedish
89%
AltaicTurkish
89%
SlavicUkrainian
89%
GaelicWelsh
89%
OtherArmenian
83%
OtherBasque
83%
SlavicBulgarian
83%
RomaceRomansh
83%
OtherGeorgian
78%
GermanicLuxembourgish
72%
OtherMaltese
72%
GaelicBreton
61%
RomanceGalician
61%
GermanicScots
61%
Gaelic
Manx
56%
UralicSami
56%
GaelicScottish Gaelic
56%
OtherTat
56%
OtherTatar
56%
GermanicFaroese
50%
AltaicAzeri
44%
RomanceCorsican
44%
OtherKazakh
44%
OtherKurdish
44%
OtherOssetian
44%
RomanceSardinian
44%
SlavicSorbian
44%
GermanicFrisian
39%
UralicKarelian
39%
RomanceAromanian
33%
AltaicKalmyk
33%
RomanceLadin
33%
UralicMari
33%
AltaicNogai
33%
SlavicRusyn
33%
AltaicBashkir
28%
OtherChuvash
28%
OtherCircassian
28%
OtherCrimean Tatar
28%
AltaicGagauz
28%
AltaicKarachay
28%
UralicKomi
28%
AltaicKumyk
28%
OtherMansi
28%
OtherMoksha
28%
UralicUdmurt
28%
OtherAbkhazian
22%
AltaicBalkar
22%
UralicNenets
22%
OtherErzya
17%
OtherKabardian
17%
OtherKhanty
17%
OtherLaz
11%
OtherMingrelian
11%
UralicMordovian
11%
OtherPermyak
11%
OtherSouth Estonian
11%
OtherSvan
11%
RomanceFurlan
6%
OtherKomi-Zyrian
6%
OtherMeglentic
6%
RomanceVlach
6%

Score Distribution

Percentile by Number Answered

Percent of People with Each Score

Your Score History

You have not taken this quiz